Detalles MARC
| 000 -CABECERA |
| Longitud fija campo de control |
01459nam a2200409 c 4500 |
| 001 - NÚMERO DE CONTROL |
| Número de control |
52919 |
| 003 - IDENTIFICADOR DE NÚMERO DE CONTROL |
| Identificador del número de control |
ES-MaCES |
| 005 - FECHA Y HORA DE LA ÚLTIMA TRANSACCIÓN |
| Fecha y hora de la última transacción |
20250203133307.0 |
| 007 - PHYSICAL DESCRIPTION FIXED FIELD--GENERAL INFORMAT |
| Campo fijo de descripción física |
cr ||||||||||| |
| 008 - CAMPO FIJO DE DESCRIPCIÓN FIJA--INFORMACIÓN GENERAL |
| Códigos de información de longitud fija |
231211s2023 sp l o000|||spa |
| 017 ## - NÚMERO DE REGISTRO DE DERECHOS DE AUTOR Y DEPÓSITO LEGAL |
| Número de copyright o de depósito legal |
NA 1221-2023 |
| Agencia que asigna el número |
DL |
| 020 ## - ISBN (INTERNATIONAL STANDARD BOOK NUMBER) |
| Número Internacional Normalizado para Libros (ISBN) |
9788411637190 |
| 020 ## - ISBN (INTERNATIONAL STANDARD BOOK NUMBER) |
| Número Internacional Normalizado para Libros (ISBN) |
9788411637213 (electrónico) |
| 040 ## - FUENTE DE CATALOGACIÓN |
| Centro catalogador de origen |
ES-MaCES |
| Lengua de catalogación |
spa |
| Centro transcriptor |
ES-MaCES |
| 110 1# - ENCABEZAMIENTO PRINCIPAL--NOMBRE CORPORATIVO |
| Nombre de entidad corporativa o nombre de jurisdicción como elemento inicial |
España |
| Título de la obra |
Leyes, etc., de la Administración Pública |
| 9 (RLIN) |
3096 |
| 245 10 - MENCIÓN DE TÍTULO |
| Título |
Leyes administrativas |
| Mención de responsabilidad, etc. |
edición preparada por Luis Martín Rebollo |
| 250 ## - MENCIÓN DE EDICIÓN |
| Mención de edición |
29ª ed |
| 260 ## - PUBLICACIÓN, DISTRIBUCIÓN, ETC (PIE DE IMPRENTA) |
| Lugar de publicación, distribución, etc. |
Cizur Menor (Navarra) |
| Nombre del editor, distribuidor, etc. |
Thomson Reuters-Aranzadi |
| Fecha de publicación, distribución, etc. |
2023 |
| 300 ## - DESCRIPCIÓN FÍSICA |
| Extensión |
2533 p. |
| Dimensiones |
24 cm |
| 490 1# - MENCIÓN DE SERIE |
| Mención de serie |
Colección Códigos básicos Aranzadi |
| Designación de volumen o secuencia |
12 |
| 500 ## - NOTA GENERAL |
| Nota general |
Publicación en formato DÚO (papel + libro ectrónico). Disponible en formato electrónico mediante la aplicación PROVIEW<br/> |
| 500 ## - NOTA GENERAL |
| Nota general |
Índices |
| 541 ## - NOTA DE LA FUENTE INMEDIANTE DE ADQUISICIÓN |
| Forma de adquisición |
Compra |
| 650 #4 - ASIENTO SECUNDARIO DE MATERIA--TÉRMINO DE MATERIA |
| Término de materia o nombre geográfico como elemento inicial |
administración pública |
| 9 (RLIN) |
27214 |
| 650 #4 - ASIENTO SECUNDARIO DE MATERIA--TÉRMINO DE MATERIA |
| Término de materia o nombre geográfico como elemento inicial |
procedimiento administrativo |
| 9 (RLIN) |
30919 |
| 650 #4 - ASIENTO SECUNDARIO DE MATERIA--TÉRMINO DE MATERIA |
| Término de materia o nombre geográfico como elemento inicial |
función pública |
| 9 (RLIN) |
27225 |
| 650 #4 - ASIENTO SECUNDARIO DE MATERIA--TÉRMINO DE MATERIA |
| Término de materia o nombre geográfico como elemento inicial |
España |
| 9 (RLIN) |
26964 |
| 650 #4 - ASIENTO SECUNDARIO DE MATERIA--TÉRMINO DE MATERIA |
| Término de materia o nombre geográfico como elemento inicial |
legislación |
| 9 (RLIN) |
27153 |
| 650 #4 - ASIENTO SECUNDARIO DE MATERIA--TÉRMINO DE MATERIA |
| Término de materia o nombre geográfico como elemento inicial |
texto |
| 9 (RLIN) |
29624 |
| 653 10 - TÉRMINO DE INDEXACIÓN--NO CONTROLADO |
| Término no controlado |
Legislación |
| 700 1# - ENCABEZAMIENTO SECUNDARIO--NOMBRE PERSONAL |
| Nombre de persona |
Martín Rebollo, Luis |
| Término indicativo de función |
ed. lit. |
| 9 (RLIN) |
18007 |
| 775 0# - ENTRADA DE OTRA EDICIÓN |
| Título |
Leyes administrativas |
| Número de control del registro relacionado |
(ES-MaCES)52522 |
| 830 #0 - ENCABEZAMIENTO SECUNDARIO DE COLECCIÓN--TÍTULO UNIFORME |
| Título uniforme |
Colección Códigos básicos Aranzadi |
| Designación de volumen o secuencia |
12 |
| 9 (RLIN) |
32116 |
| 856 4# - ACCESO ELECTRÓNICO |
| Identificador Uniforme del Recurso (URI) |
https://miespacio.aranzadilaley.es/Account/Login |
| Texto del enlace |
Legalteca |
| 902 ## - CES. TIPO DE DOCUMENTO |
| Tipodoc (006$c Sirtex) |
LIB Libro |
| 942 ## - ELEMENTOS KOHA |
| Fuente de clasificaión o esquema |
Clasificación propia del CES |
| Koha [por defecto] tipo de item |
Monografías |
| Parte de clasificación |
Legislación |